000 00527nam a22001577a 4500
008 220520b |||||||| |||| 00| 0 eng d
020 _a0891586711.
050 _aDT31.M375
100 _aMazrui,A. Ali
_951740
245 _aAfrica's international relations;
_bthe diplomacy of dependency and change
_cAli A. Mazrui
260 _aColorado:
_bWestview Press;
_c1977.
300 _a310p,;
_c22cm.
650 _aAfrica
_xforeign relations
_932363
650 _aAfrica
_xpolitics and government
_y1980
_951741
942 _2lcc
_cMONOGRAPH
999 _c131487
_d131487